[Event "Copenhagen Chess Challenge 2007"]
[Site "Ballerup"]
[Date "2007.??.??"]
[Round "1"]
[White "Hansen, Lars Henrik Bech"]
[Black "Bekker Jensen, Simon"]
[Result "0-1"]
[WhiteElo "2100"]
[BlackElo "2371"]
[PlyCount "96"]
[EventDate "2007.??.??"]
[EventType "swiss"]
[EventRounds "9"]
[EventCountry "DEN"]

1. e4 c5 2. Nf3 d6 3. d4 Nf6 4. Nc3 cxd4 5. Nxd4 a6 6. Bg5 e6 7. f4 Be7 8. Qf3
Qc7 9. O-O-O Nbd7 10. Bd3 h6 11. Bh4 g5 12. fxg5 Ne5 13. Qe2 Nfg4 14. Nf3 hxg5
15. Bg3 Bd7 16. h3 Nxf3 17. hxg4 Rxh1 18. Rxh1 Nh4 19. Qf2 Qc5 20. Rf1 Qxf2 21.
Rxf2 Ng6 22. Nd1 Bc6 23. Ne3 b5 24. c4 Ne5 25. Bxe5 dxe5 26. cxb5 Bc5 27. Re2
axb5 28. Nd1 Rxa2 29. Kb1 Ra5 30. Rc2 b4 31. b3 Kd7 32. Nb2 Bd4 33. Na4 Kd6 34.
Ra2 Ra8 35. Nb2 Rxa2 36. Nc4+ Kc5 37. Kxa2 Bc3 38. Bc2 Kd4 39. Nd6 f6 40. Kb1
Ke3 41. Kc1 Kf2 42. Bd1 Kxg2 43. Kc2 Bd4 44. Kd3 Bc5 45. Nc4 Kg3 46. Be2 Kf4
47. Nd2 Be3 48. Nf1 Bb5+ 0-1

[Event "Copenhagen Chess Challenge 2007"]
[Site "Ballerup"]
[Date "2007.??.??"]
[Round "1"]
[White "Hansen, Martin"]
[Black "Lund, Silas"]
[Result "0-1"]
[WhiteElo "2050"]
[BlackElo "2309"]
[PlyCount "60"]
[EventDate "2007.??.??"]
[EventType "swiss"]
[EventRounds "9"]
[EventCountry "DEN"]

1. e4 e5 2. Nf3 Nc6 3. Bb5 Nf6 4. d3 d6 5. c3 g6 6. O-O Bg7 7. Re1 O-O 8. Nbd2
Nh5 9. Nf1 Bd7 10. Ng3 Nxg3 11. hxg3 h6 12. Ba4 Kh7 13. d4 Qe7 14. dxe5 dxe5
15. Qe2 Rfd8 16. Be3 a6 17. Red1 Nd4 18. cxd4 Bxa4 19. b3 exd4 20. Bxd4 Bc6 21.
Bxg7 Kxg7 22. Rxd8 Rxd8 23. Re1 Re8 24. Qb2+ Kh7 25. Nd4 Qb4 26. Nc2 Qd2 27. e5
Re6 28. f3 Bb5 29. Qc1 Qxc1 30. Rxc1 Rc6 0-1

[Event "Copenhagen Chess Challenge 2007"]
[Site "Ballerup"]
[Date "2007.??.??"]
[Round "1"]
[White "Hartsteen, Mark"]
[Black "Smith, Axel"]
[Result "0-1"]
[WhiteElo "1973"]
[BlackElo "2251"]
[PlyCount "74"]
[EventDate "2007.??.??"]
[EventType "swiss"]
[EventRounds "9"]
[EventCountry "DEN"]

1. c4 c6 2. Nf3 d5 3. cxd5 cxd5 4. g3 Nc6 5. Bg2 e5 6. d3 Nf6 7. O-O Bd6 8. Bg5
h6 9. Bxf6 Qxf6 10. Nc3 d4 11. Ne4 Qe7 12. Qb3 O-O 13. Nxd6 Qxd6 14. Nd2 Qe7
15. Rac1 Be6 16. Qb5 Bd7 17. Nc4 Rfb8 18. b3 f6 19. Qd5+ Be6 20. Qd6 Qf7 21.
Bxc6 Rd8 22. Qc5 bxc6 23. Qxc6 h5 24. Nd6 Qe7 25. Ne4 h4 26. Qc7 Rd7 27. Qc6
Bd5 28. Qa6 f5 29. Rc8+ Kh7 30. Rxa8 Bxa8 31. Nd2 e4 32. dxe4 fxe4 33. Qb5 Bd5
34. Qb8 e3 35. Nf3 Bxf3 36. exf3 e2 37. Rc1 e1=Q+ 0-1

[Event "Copenhagen Chess Challenge 2007"]
[Site "Ballerup"]
[Date "2007.??.??"]
[Round "1"]
[White "Ivanov, Mikhail"]
[Black "Haubro, Sigfred"]
[Result "1-0"]
[WhiteElo "2450"]
[BlackElo "2185"]
[PlyCount "145"]
[EventDate "2007.??.??"]
[EventType "swiss"]
[EventRounds "9"]
[EventCountry "DEN"]

1. d4 f5 2. Nf3 e6 3. d5 Be7 4. Nc3 Nf6 5. g3 O-O 6. Bg2 Bb4 7. dxe6 dxe6 8.
Qxd8 Rxd8 9. Bd2 Nc6 10. Nb5 Bd6 11. O-O-O Ne4 12. Be3 a6 13. Nxd6 cxd6 14. Bb6
Rd7 15. Nd2 Nf6 16. e4 fxe4 17. Nxe4 Nxe4 18. Bxe4 d5 19. Bg2 Rf7 20. Bh3 Bd7
21. Rhe1 Rf6 22. c4 Ne7 23. cxd5 Nxd5 24. Bd4 Rh6 25. Bg4 Rc8+ 26. Kb1 Rc4 27.
h3 Bc8 28. f4 Rg6 29. Be5 Rc5 30. Bd6 Rc6 31. Ba3 h5 32. Bxh5 Rxg3 33. Be8 Rc4
34. Bd6 Nf6 35. f5 Rg2 36. Rc1 Rxc1+ 37. Rxc1 Nxe8 38. Rxc8 Kf7 39. fxe6+ Kxe6
40. Bb4 Rg1+ 41. Kc2 Rg2+ 42. Kb3 Kd7 43. Rc3 Nc7 44. Rd3+ Ke8 45. Re3+ Kd7 46.
Rd3+ Ke8 47. Bc3 Ne6 48. Rd6 Re2 49. Kc4 g6 50. Rb6 Nf4 51. Rxb7 Re6 52. h4 Ng2
53. Kd5 Nf4+ 54. Kc5 Nd3+ 55. Kc4 Nf4 56. Rh7 Ng2 57. h5 gxh5 58. Rxh5 Ne3+ 59.
Kd4 Kd7 60. a4 Kc6 61. Rc5+ Kb7 62. Ba5 Re7 63. Rg5 Nc2+ 64. Kc4 Ne3+ 65. Kc5
Rf7 66. Kd4 Re7 67. b4 Nc2+ 68. Kc5 Rd7 69. Rg6 Nd4 70. Rb6+ Ka7 71. Kc4 Nf5
72. Re6 Nd4 73. Bb6+ 1-0

[Event "Copenhagen Chess Challenge 2007"]
[Site "Ballerup"]
[Date "2007.??.??"]
[Round "1"]
[White "Mejvik, Jacob"]
[Black "Mikkelsen, Nikolaj"]
[Result "1/2-1/2"]
[WhiteElo "2003"]
[BlackElo "2305"]
[PlyCount "117"]
[EventDate "2007.??.??"]
[EventType "swiss"]
[EventRounds "9"]
[EventCountry "DEN"]

1. e4 c5 2. Nf3 d6 3. d4 cxd4 4. Nxd4 Nf6 5. Nc3 a6 6. Be3 e6 7. Be2 Be7 8. O-O
O-O 9. a4 Nc6 10. Kh1 Qc7 11. f4 Bd7 12. Nf3 Rac8 13. Qe1 Nb4 14. Rc1 d5 15. e5
Ne4 16. a5 Nxc3 17. Bb6 Qb8 18. bxc3 Na2 19. Ra1 Nxc3 20. Bd3 Bb5 21. Nd4 Bxd3
22. cxd3 Bc5 23. f5 Bxd4 24. Bxd4 Nb5 25. f6 Nxd4 26. Qg3 g6 27. Qe3 Kh8 28.
Qxd4 Rc2 29. Qe3 Qc7 30. h3 Qc3 31. Rad1 Rg8 32. Rf4 Qc5 33. d4 Qc3 34. Rd3
Qxa5 35. Rh4 Qa1+ 36. Kh2 Qc1 37. Qg3 g5 38. Rg4 h5 39. Rd1 Qxd1 40. Rxg5 Rcc8
41. Qh4 Rg6 42. Rxh5+ Qxh5 43. Qxh5+ Kg8 44. Qe2 b5 45. h4 Rc3 46. h5 Rg5 47.
g4 b4 48. Qxa6 Rxg4 49. Qa8+ Kh7 50. Qf8 Rc7 51. Qxb4 Rh4+ 52. Kg3 Rxh5 53.
Qb1+ Rf5 54. Qh1+ Kg6 55. Qh8 Rc3+ 56. Kg4 Rg5+ 57. Kf4 Rf5+ 58. Kg4 Rg5+ 59.
Kf4 1/2-1/2

[Event "Copenhagen Chess Challenge 2007"]
[Site "Ballerup"]
[Date "2007.??.??"]
[Round "1"]
[White "Nilsson, Sebastian"]
[Black "Pallesen, Jacob"]
[Result "1-0"]
[WhiteElo "2278"]
[BlackElo "2001"]
[PlyCount "49"]
[EventDate "2007.??.??"]
[EventType "swiss"]
[EventRounds "9"]
[EventCountry "DEN"]

1. e4 e5 2. Nf3 Nc6 3. d4 exd4 4. Nxd4 Bc5 5. Nb3 Bb6 6. a4 Qh4 7. Qe2 d6 8. g3
Qe7 9. a5 Nd4 10. Nxd4 Bxd4 11. c3 Bf6 12. Bg2 a6 13. O-O h5 14. h3 g6 15. Bf4
Bd7 16. Na3 Bc6 17. Rfe1 Be5 18. Be3 Bg7 19. Bf4 f6 20. Nc2 Qd7 21. Nd4 Ne7 22.
Qc4 Bh6 23. Bxh6 Rxh6 24. Nxc6 Nxc6 25. Qg8+ 1-0

[Event "Copenhagen Chess Challenge 2007"]
[Site "Ballerup"]
[Date "2007.??.??"]
[Round "1"]
[White "Brondt, Nicolai Kvist"]
[Black "Christensen, Bo Garner"]
[Result "0-1"]
[WhiteElo "1637"]
[BlackElo "2242"]
[PlyCount "84"]
[EventDate "2007.??.??"]
[EventType "swiss"]
[EventRounds "9"]
[EventCountry "DEN"]

1. d4 Nf6 2. Nf3 c5 3. c3 g6 4. Bf4 Bg7 5. e3 O-O 6. h3 b6 7. Be2 Bb7 8. O-O d6
9. Nbd2 Nbd7 10. a4 h6 11. a5 cxd4 12. exd4 Nd5 13. Bh2 N7f6 14. axb6 axb6 15.
Qb3 Nh5 16. Rxa8 Qxa8 17. Nc4 Nhf4 18. Re1 Nxe2+ 19. Rxe2 Qa6 20. Re1 Rc8 21.
Ne3 Qa5 22. Nc4 Qa6 23. Ne3 Nxe3 24. fxe3 Qa5 25. Rf1 Bd5 26. Qc2 Qa8 27. Ne1
Bc4 28. Nd3 Qe4 29. Rd1 b5 30. Qd2 h5 31. Bg3 Bh6 32. Bf2 Ra8 33. Nb4 Ra4 34.
Re1 h4 35. Qd1 Be6 36. Qf3 Qxf3 37. gxf3 Bxh3 38. Bxh4 f6 39. Kf2 Bc8 40. Rh1
Bg7 41. Nd5 Ra7 42. Rc1 Kf7 0-1

[Event "Copenhagen Chess Challenge 2007"]
[Site "Ballerup"]
[Date "2007.??.??"]
[Round "1"]
[White "Peschardt, Soren"]
[Black "Glud, Jakob Vang"]
[Result "0-1"]
[WhiteElo "2152"]
[BlackElo "2425"]
[PlyCount "90"]
[EventDate "2007.??.??"]
[EventType "swiss"]
[EventRounds "9"]
[EventCountry "DEN"]

1. d4 d5 2. f4 Nf6 3. Nf3 c5 4. e3 Qb6 5. c3 Bd7 6. Bd3 Bb5 7. O-O Nbd7 8. Ne5
g6 9. a4 Bxd3 10. Qxd3 Bg7 11. Nd2 O-O 12. Ndf3 Rad8 13. Bd2 Ne4 14. a5 Qc7 15.
Be1 c4 16. Qe2 Ndf6 17. Bh4 Ne8 18. Nd2 Nxd2 19. Qxd2 Nd6 20. Qc2 f6 21. Nf3
Rde8 22. Nd2 e5 23. Bf2 Rf7 24. b4 Rfe7 25. Rfe1 Nb5 26. g3 Qd7 27. Rad1 exf4
28. exf4 Qg4 29. Nb1 Bh6 30. a6 bxa6 31. Qa4 Bxf4 32. Qxa6 Rxe1+ 33. Rxe1 Rxe1+
34. Bxe1 Be3+ 35. Bf2 Bxf2+ 36. Kxf2 Qf5+ 37. Kg2 Nc7 38. Qxa7 Qc2+ 39. Kh3
Qf5+ 40. Kg2 Qc2+ 41. Kh3 Ne6 42. Qa8+ Kg7 43. Qxd5 Ng5+ 44. Kg4 h5+ 45. Kf4
Qf2+ 0-1

[Event "Copenhagen Chess Challenge 2007"]
[Site "Ballerup"]
[Date "2007.??.??"]
[Round "1"]
[White "Rasmussen, Allan Stig"]
[Black "Nielsen, Jan Mose"]
[Result "1-0"]
[WhiteElo "2418"]
[BlackElo "2131"]
[PlyCount "57"]
[EventDate "2007.??.??"]
[EventType "swiss"]
[EventRounds "9"]
[EventCountry "DEN"]

1. e4 c5 2. d3 e6 3. f4 b6 4. Nf3 Bb7 5. c3 Ne7 6. Be3 g6 7. Nbd2 d6 8. d4 Bg7
9. Bb5+ Bc6 10. Bd3 O-O 11. O-O Nd7 12. Qe2 cxd4 13. cxd4 Rc8 14. g4 Bb7 15.
Rad1 Rc7 16. h3 Qa8 17. g5 d5 18. e5 Rfc8 19. Nh2 Nf5 20. Bf2 a6 21. Ng4 Rc6
22. Nf3 R8c7 23. h4 Qc8 24. h5 Rc1 25. Kg2 Rxd1 26. Qxd1 a5 27. Rh1 Ba6 28. Bb1
Kf8 29. Nf6 1-0

[Event "Copenhagen Chess Challenge 2007"]
[Site "Ballerup"]
[Date "2007.??.??"]
[Round "1"]
[White "Semcesen, Daniel"]
[Black "Akdag, Dara Sevkan"]
[Result "1-0"]
[WhiteElo "2306"]
[BlackElo "2018"]
[PlyCount "35"]
[EventDate "2007.??.??"]
[EventType "swiss"]
[EventRounds "9"]
[EventCountry "DEN"]

1. d4 Nf6 2. c4 c5 3. d5 e6 4. Nc3 exd5 5. cxd5 d6 6. e4 g6 7. Bd3 Bg7 8. h3
O-O 9. Nf3 b5 10. a3 a6 11. O-O Re8 12. Re1 Nh5 13. Be3 Nd7 14. Qd2 Rb8 15. b4
c4 16. Bc2 Ne5 17. Nd4 Qh4 18. Bg5 1-0

[Event "Copenhagen Chess Challenge 2007"]
[Site "Ballerup"]
[Date "2007.??.??"]
[Round "1"]
[White "Skovgaard, Peter Nicolai"]
[Black "Nicolajsen, Esben"]
[Result "1-0"]
[WhiteElo "2243"]
[BlackElo "1887"]
[PlyCount "105"]
[EventDate "2007.??.??"]
[EventType "swiss"]
[EventRounds "9"]
[EventCountry "DEN"]

1. e4 c5 2. Nf3 d6 3. Bb5+ Bd7 4. Bxd7+ Nxd7 5. b3 Ngf6 6. d3 g6 7. Bb2 Bg7 8.
O-O O-O 9. Nbd2 b5 10. Qe2 Qc7 11. h3 Rfe8 12. a4 Nxe4 13. Bxg7 Nxd2 14. Qxd2
Kxg7 15. axb5 Nf6 16. Ra5 Rab8 17. Rfa1 Rb7 18. R1a4 Reb8 19. c4 Rd8 20. Qa2
Rd7 21. Qa1 Kg8 22. Ra6 Qb8 23. g3 h5 24. d4 Kh7 25. d5 Qc7 26. Ng5+ Kg8 27. f3
Qb8 28. Ra2 Qc7 29. g4 Qb8 30. R6a4 Nh7 31. Nxh7 Kxh7 32. gxh5 Qg8 33. Rg2 Qg7
34. hxg6+ fxg6 35. Qxg7+ Kxg7 36. Ra1 Rb8 37. Rga2 Rbb7 38. Kh2 Kf6 39. Re1 Rb8
40. Re6+ Kf7 41. Kg3 Rh8 42. f4 Rh5 43. Kg4 Rf5 44. h4 Rf6 45. Rae2 Rc7 46.
Rxf6+ Kxf6 47. Re6+ Kf7 48. Kg5 Rc8 49. Rxg6 Rh8 50. h5 Rh7 51. f5 Kf8 52. h6
Kf7 53. f6 1-0

[Event "Copenhagen Chess Challenge 2007"]
[Site "Ballerup"]
[Date "2007.??.??"]
[Round "1"]
[White "Tikkanen, Hans"]
[Black "Gajic, Mladen"]
[Result "1-0"]
[WhiteElo "2335"]
[BlackElo "2094"]
[PlyCount "79"]
[EventDate "2007.??.??"]
[EventType "swiss"]
[EventRounds "9"]
[EventCountry "DEN"]

1. d4 d5 2. c4 c6 3. Nf3 Nf6 4. Nc3 e6 5. e3 Nbd7 6. Bd3 dxc4 7. Bxc4 b5 8. Bd3
a6 9. e4 c5 10. e5 cxd4 11. Nxb5 Nxe5 12. Nxe5 axb5 13. Bxb5+ Bd7 14. Nxd7 Qa5+
15. Bd2 Qxb5 16. Nxf8 Rxf8 17. a4 Qc4 18. Qf3 Kd7 19. Qb7+ Qc7 20. Qxc7+ Kxc7
21. Ke2 Kc6 22. Rhc1+ Kd5 23. b4 Ne4 24. a5 Rfb8 25. Ra4 Ra7 26. Be1 e5 27. f3
Nd6 28. Rc5+ Ke6 29. Ra1 f6 30. Kd3 h5 31. Rac1 Nb5 32. Kc4 Nd6+ 33. Kb3 f5 34.
Bg3 Rab7 35. Rxe5+ Kf7 36. Be1 Kf6 37. Rd5 Nb5 38. Rc6+ Ke7 39. Bh4+ Kf7 40. a6
1-0

[Event "Copenhagen Chess Challenge 2007"]
[Site "Ballerup"]
[Date "2007.??.??"]
[Round "2"]
[White "Akdag, Dara Sevkan"]
[Black "Brondt, Nicolai Kvist"]
[Result "1/2-1/2"]
[WhiteElo "2018"]
[BlackElo "1637"]
[PlyCount "161"]
[EventDate "2007.??.??"]
[EventType "swiss"]
[EventRounds "9"]
[EventCountry "DEN"]

1. d4 d5 2. c4 c6 3. Nc3 Nf6 4. Nf3 dxc4 5. a4 Bf5 6. Ne5 e6 7. Nxc4 Bb4 8. e3
O-O 9. Be2 c5 10. O-O cxd4 11. exd4 Nc6 12. Be3 Nd5 13. Qb3 Rc8 14. Rac1 Na5
15. Nxa5 Qxa5 16. Nxd5 exd5 17. h3 Bd7 18. Bf4 Bxa4 19. Qg3 Bc2 20. h4 Bd2 21.
Be5 f6 22. Ra1 Qb6 23. Bd6 Rfe8 24. Bg4 f5 25. Bh5 Re6 26. Bc5 Qxb2 27. Rxa7
Qb5 28. Rfa1 g6 29. R7a2 Qb3 30. Qxb3 Bxb3 31. Rxd2 gxh5 32. Rb2 b6 33. Rxb3
bxc5 34. dxc5 Rec6 35. Ra7 R6c7 36. Rxc7 Rxc7 37. Rb5 Kf7 38. Kf1 Ke6 39. Ke2
Ke5 40. Ke3 f4+ 41. Kf3 Rc6 42. Ke2 Ke4 43. f3+ Kd4 44. Rb4+ Ke5 45. Rb7 Kd4
46. Rf7 Rxc5 47. Rxf4+ Ke5 48. Rf7 Rc2+ 49. Kf1 h6 50. Rh7 Kf4 51. Rxh6 Kg3 52.
Rxh5 Rc1+ 53. Ke2 Kxg2 54. Rxd5 Kg3 55. Rd4 Rc2+ 56. Ke3 Rc3+ 57. Rd3 Rc4 58.
Rd4 Rc3+ 59. Rd3 Rc4 60. Rd5 Rc7 61. Rg5+ Kxh4 62. Rg4+ Kh5 63. Rg1 Kh6 64. f4
Rg7 65. Ra1 Re7+ 66. Kf3 Kg6 67. Kg4 Rf7 68. Ra5 Rf6 69. Ra8 Rb6 70. Rf8 Rb4
71. Rf5 Rb1 72. Ra5 Rg1+ 73. Kf3 Kf6 74. Kf2 Rb1 75. Re5 Rb3 76. Re4 Kf5 77.
Ra4 Rb2+ 78. Ke3 Rb3+ 79. Ke2 Rb2+ 80. Kd3 Rb3+ 81. Kc4 1/2-1/2

[Event "Copenhagen Chess Challenge 2007"]
[Site "Ballerup"]
[Date "2007.??.??"]
[Round "2"]
[White "Bekker Jensen, Simon"]
[Black "Skovgaard, Peter Nicolai"]
[Result "1-0"]
[WhiteElo "2371"]
[BlackElo "2243"]
[PlyCount "59"]
[EventDate "2007.??.??"]
[EventType "swiss"]
[EventRounds "9"]
[EventCountry "DEN"]

1. d4 Nf6 2. c4 c5 3. d5 e6 4. Nc3 exd5 5. cxd5 d6 6. e4 g6 7. f4 Bg7 8. Bb5+
Nfd7 9. Be2 O-O 10. Nf3 Na6 11. O-O Nc7 12. Nd2 Re8 13. Nc4 Nb6 14. Nxb6 axb6
15. Bf3 b5 16. e5 b4 17. Ne4 dxe5 18. Nxc5 Bf8 19. d6 Ne6 20. Nxe6 Rxe6 21.
fxe5 Rxe5 22. Bf4 Rf5 23. Qd2 Rf6 24. Rad1 Ra6 25. Kh1 h6 26. Qxb4 Bxd6 27.
Bxh6 Bxb4 28. Rxd8+ Kh7 29. Bg5 Rf5 30. Rxc8 1-0

[Event "Copenhagen Chess Challenge 2007"]
[Site "Ballerup"]
[Date "2007.??.??"]
[Round "2"]
[White "Christensen, Bo Garner"]
[Black "Tikkanen, Hans"]
[Result "1-0"]
[WhiteElo "2242"]
[BlackElo "2335"]
[PlyCount "85"]
[EventDate "2007.??.??"]
[EventType "swiss"]
[EventRounds "9"]
[EventCountry "DEN"]

1. e4 e5 2. Nf3 Nc6 3. Bb5 a6 4. Ba4 Nf6 5. O-O Nxe4 6. d4 b5 7. Bb3 d5 8. dxe5
Be6 9. Nbd2 Be7 10. c3 O-O 11. Re1 Nc5 12. Bc2 d4 13. cxd4 Nxd4 14. Nxd4 Qxd4
15. Qh5 Nd3 16. Bxd3 Qxd3 17. Ne4 Rad8 18. Bg5 Bxg5 19. Qxg5 h6 20. Qc1 Qd4 21.
Nc5 Bd5 22. h3 a5 23. Qc2 Rfe8 24. Rad1 Qf4 25. Re3 Qg5 26. g3 Qh5 27. g4 Qg5
28. Qf5 Bxa2 29. Rxd8 Qxd8 30. b3 Qd1+ 31. Kh2 Bb1 32. Nd3 Qxb3 33. Qd7 Rf8 34.
Nf4 Qc4 35. Kg3 g5 36. Nd5 Bg6 37. e6 c6 38. Ne7+ Kh8 39. Rf3 Ra8 40. Nxg6+
fxg6 41. e7 Qg8 42. Qxc6 Re8 43. Qxe8 1-0

[Event "Copenhagen Chess Challenge 2007"]
[Site "Ballerup"]
[Date "2007.??.??"]
[Round "2"]
[White "Glud, Jakob Vang"]
[Black "Nilsson, Sebastian"]
[Result "1-0"]
[WhiteElo "2425"]
[BlackElo "2278"]
[PlyCount "105"]
[EventDate "2007.??.??"]
[EventType "swiss"]
[EventRounds "9"]
[EventCountry "DEN"]

1. c4 e6 2. Nf3 c5 3. g3 b6 4. Bg2 Bb7 5. O-O Nf6 6. b3 Be7 7. Bb2 O-O 8. d4
cxd4 9. Qxd4 d6 10. Nc3 a6 11. Rfd1 Nbd7 12. Ng5 Bxg2 13. Kxg2 Qc7 14. Ba3 Nc5
15. Bxc5 dxc5 16. Qf4 Qc6+ 17. Qf3 Qxf3+ 18. Nxf3 Rfd8 19. Na4 Rxd1 20. Rxd1
Rd8 21. Rxd8+ Bxd8 22. Ne5 Bc7 23. Nd3 Kf8 24. f3 Ke7 25. e3 Nd7 26. f4 Kd6 27.
Kf3 Bd8 28. e4 h5 29. h3 Kc6 30. Nc3 Bf6 31. e5 Be7 32. a4 Nb8 33. Ke4 g6 34.
g4 hxg4 35. hxg4 Kd7 36. a5 bxa5 37. Na4 Kc6 38. f5 gxf5+ 39. gxf5 exf5+ 40.
Kxf5 Nd7 41. Nc3 Bf8 42. Ne4 Bg7 43. Ng5 f6 44. Ne6 Bh8 45. Nd8+ Kc7 46. Nf7
Bg7 47. e6 Nb8 48. Nf4 Bf8 49. Ng6 Bd6 50. Kxf6 Nc6 51. Nxd6 Kxd6 52. e7 Kd7
53. Kf7 1-0

[Event "Copenhagen Chess Challenge 2007"]
[Site "Ballerup"]
[Date "2007.??.??"]
[Round "2"]
[White "Lund, Silas"]
[Black "Grandelius, Nils"]
[Result "1/2-1/2"]
[WhiteElo "2309"]
[BlackElo "2192"]
[PlyCount "38"]
[EventDate "2007.??.??"]
[EventType "swiss"]
[EventRounds "9"]
[EventCountry "DEN"]

1. d4 Nf6 2. c4 g6 3. Nc3 d5 4. cxd5 Nxd5 5. e4 Nxc3 6. bxc3 Bg7 7. Bc4 c5 8.
Ne2 O-O 9. O-O Nc6 10. Be3 Bd7 11. Rb1 a6 12. dxc5 Na5 13. Bd3 Qc7 14. Nd4 Rfd8
15. f4 Qxc5 16. Nf5 Qa3 17. Bc1 Qc5+ 18. Be3 Qa3 19. Bc1 Qc5+ 1/2-1/2

[Event "Copenhagen Chess Challenge 2007"]
[Site "Ballerup"]
[Date "2007.??.??"]
[Round "2"]
[White "Mikkelsen, Nikolaj"]
[Black "Haubro, Sigfred"]
[Result "1-0"]
[WhiteElo "2305"]
[BlackElo "2185"]
[PlyCount "125"]
[EventDate "2007.??.??"]
[EventType "swiss"]
[EventRounds "9"]
[EventCountry "DEN"]

1. e4 e5 2. Nf3 Nc6 3. Bc4 Be7 4. c3 Nf6 5. d3 O-O 6. Bb3 d6 7. O-O h6 8. h3
Kh8 9. Nbd2 Nh7 10. d4 exd4 11. Nxd4 Nxd4 12. cxd4 f5 13. e5 f4 14. Bc2 dxe5
15. dxe5 Ng5 16. Ne4 Qe8 17. Nxg5 Bxg5 18. Re1 Be6 19. Qf3 Rd8 20. b3 Qe7 21.
Be4 c6 22. a4 Qf7 23. Ba3 Be7 24. Bg6 Qxg6 25. Bxe7 Rd3 26. Qxd3 Qxd3 27. Bxf8
Qg6 28. f3 Bxh3 29. Ra2 Be6 30. Rd2 Qf7 31. Rd8 Kh7 32. b4 h5 33. Bc5 h4 34.
Rf8 Qg6 35. Rxf4 h3 36. Rh4+ Kg8 37. g4 a5 38. bxa5 Qd3 39. Rxh3 Bxg4 40. Rg3
Be6 41. Bf2 Kf7 42. Re4 Qd1+ 43. Kg2 Qc1 44. Rb4 Bc4 45. Rxb7+ Ke6 46. Rgxg7
Kxe5 47. Rbe7+ Kf5 48. Re1 Qc3 49. Rg4 Bd5 50. Re3 Qxa5 51. Rd4 Qd8 52. Bg3 Qa5
53. Rf4+ Kg6 54. Rg4+ Kf7 55. Rf4+ Kg6 56. Be1 Qc5 57. Bf2 Qa5 58. Re8 Qc7 59.
Ref8 Qd7 60. R8f6+ Kh7 61. Rh4+ Kg7 62. Bd4 Qb7 63. Rf7+ 1-0

[Event "Copenhagen Chess Challenge 2007"]
[Site "Ballerup"]
[Date "2007.??.??"]
[Round "2"]
[White "Nicolajsen, Esben"]
[Black "Hansen, Lars Henrik Bech"]
[Result "1-0"]
[WhiteElo "1887"]
[BlackElo "2100"]
[PlyCount "51"]
[EventDate "2007.??.??"]
[EventType "swiss"]
[EventRounds "9"]
[EventCountry "DEN"]

1. d4 g6 2. c4 Nf6 3. Nc3 Bg7 4. e4 d6 5. f4 O-O 6. Nf3 c5 7. d5 e6 8. Be2 exd5
9. cxd5 b5 10. e5 dxe5 11. fxe5 Ng4 12. Bg5 Qb6 13. O-O c4+ 14. Kh1 Nxe5 15.
Nxe5 Bxe5 16. d6 Be6 17. Nd5 Qxd6 18. Bf3 Nd7 19. Ne7+ Kg7 20. Bxa8 Rxa8 21.
Qf3 Rf8 22. Rad1 Qc5 23. Rxd7 Bxd7 24. Bf6+ Bxf6 25. Qxf6+ Kh6 26. Rf4 1-0

[Event "Copenhagen Chess Challenge 2007"]
[Site "Ballerup"]
[Date "2007.??.??"]
[Round "2"]
[White "Nielsen, Jan Mose"]
[Black "Mejvik, Jacob"]
[Result "1-0"]
[WhiteElo "2131"]
[BlackElo "2003"]
[PlyCount "93"]
[EventDate "2007.??.??"]
[EventType "swiss"]
[EventRounds "9"]
[EventCountry "DEN"]

1. d4 Nf6 2. Nf3 d5 3. Bg5 Bf5 4. e3 e6 5. c3 Be7 6. Nbd2 O-O 7. Ne5 c5 8. g4
Bg6 9. h4 h6 10. Bf4 Nfd7 11. Nxg6 fxg6 12. Qc2 cxd4 13. cxd4 Nc6 14. Bxh6 Qe8
15. Bf4 Nxd4 16. Qa4 Nc6 17. h5 g5 18. Bg3 Nc5 19. Qc2 Nb4 20. Qb1 Rc8 21. h6
Ncd3+ 22. Kd1 Rc1+ 23. Qxc1 Nxc1 24. hxg7 Kxg7 25. Rxc1 Bf6 26. a3 Nc6 27. Bd3
Rh8 28. Ke2 Bxb2 29. Rxh8 Qxh8 30. Rc2 Kf7 31. Nf3 Bf6 32. Bb5 Qe8 33. Rc1 a6
34. Bd3 Qh8 35. Rb1 b5 36. Rc1 Qe8 37. Rh1 e5 38. Bf5 Ne7 39. Bh7 Qc8 40. Bxe5
Qxg4 41. Bxf6 Kxf6 42. Bd3 Qa4 43. Rh6+ Kf7 44. Ne5+ Kg7 45. Rh7+ Kf6 46. Nd7+
Ke6 47. Nc5+ 1-0

[Event "Copenhagen Chess Challenge 2007"]
[Site "Ballerup"]
[Date "2007.??.??"]
[Round "2"]
[White "Pallesen, Jacob"]
[Black "Peschardt, Soren"]
[Result "1/2-1/2"]
[WhiteElo "2001"]
[BlackElo "2152"]
[PlyCount "154"]
[EventDate "2007.??.??"]
[EventType "swiss"]
[EventRounds "9"]
[EventCountry "DEN"]

1. e4 c5 2. Nf3 Nc6 3. d4 cxd4 4. Nxd4 Qb6 5. Nb3 Nf6 6. Nc3 e6 7. Qe2 d6 8. g4
Be7 9. Be3 Qc7 10. f4 a6 11. Bg2 Rb8 12. g5 Nd7 13. h4 b5 14. h5 Nb6 15. O-O-O
Nc4 16. Bf2 Bd7 17. Nd4 Nxd4 18. Bxd4 b4 19. Nb1 e5 20. Be3 Nxe3 21. Qxe3 exf4
22. Qxf4 Rc8 23. c3 Be6 24. Bh3 Qc5 25. Kc2 Bxg5 26. Qxd6 Qf2+ 27. Nd2 Rd8 28.
Qh2 Qe3 29. Bxe6 fxe6 30. Nc4 Qxe4+ 31. Kb3 Rxd1 32. Rxd1 O-O 33. Rd4 Qe1 34.
Kxb4 Be7+ 35. Ka4 Qb1 36. a3 Bf6 37. Rd7 Qe4 38. Qc7 Qc2+ 39. Kb4 Qf5 40. Qb7
Qxh5 41. Qxa6 Rb8+ 42. Rb7 Be7+ 43. Kb3 Qd1+ 44. Ka2 Rxb7 45. Qxb7 Bf8 46. Ne5
Qd5+ 47. Qxd5 exd5 48. a4 Bd6 49. Nd3 h5 50. a5 h4 51. b4 h3 52. Nf2 h2 53. b5
Bc5 54. Nh1 Kf7 55. Kb3 Ke6 56. b6 Kd6 57. Kc2 Kc6 58. Kd3 g5 59. Ke2 g4 60.
Kf1 Kb5 61. Kg2 Bd6 62. Nf2 g3 63. Ng4 Kxa5 64. Ne3 Kxb6 65. Nxd5+ Kc5 66. Ne3
Bf4 67. Nf5 Kc4 68. Nh4 Kxc3 69. Nf3 Kd3 70. Nh4 Ke2 71. Ng6 Bd6 72. Nh4 h1=Q+
73. Kxh1 Kf2 74. Ng2 Be7 75. Nf4 Bg5 76. Ng2 Kf1 77. Ne3+ Bxe3 1/2-1/2

[Event "Copenhagen Chess Challenge 2007"]
[Site "Ballerup"]
[Date "2007.??.??"]
[Round "2"]
[White "Semcesen, Daniel"]
[Black "Ivanov, Mikhail"]
[Result "1/2-1/2"]
[WhiteElo "2306"]
[BlackElo "2450"]
[PlyCount "117"]
[EventDate "2007.??.??"]
[EventType "swiss"]
[EventRounds "9"]
[EventCountry "DEN"]

1. d4 Nf6 2. c4 d6 3. Nf3 Bg4 4. Qb3 Qc8 5. h3 Bxf3 6. Qxf3 g6 7. g3 Bg7 8. Bg2
Nc6 9. d5 Ne5 10. Qb3 c5 11. Nc3 O-O 12. O-O Rb8 13. a4 a6 14. Bd2 e6 15. f4
Ned7 16. dxe6 fxe6 17. e3 Qc7 18. Rad1 b6 19. Qc2 Rbd8 20. Ne4 Nxe4 21. Qxe4
Rfe8 22. Qc6 Qxc6 23. Bxc6 Re7 24. Rf2 Nb8 25. Bf3 d5 26. Bc3 d4 27. e4 e5 28.
Bd2 Nd7 29. Re1 Rde8 30. Bg2 Bh6 31. Ref1 Rf8 32. b3 Nb8 33. h4 Nc6 34. Bh3 Na5
35. Rb1 Kg7 36. f5 Bxd2 37. Rxd2 gxf5 38. Bxf5 Rxf5 39. exf5 h5 40. Rf2 Kf6 41.
b4 Nxc4 42. bxc5 bxc5 43. Rc1 Nd6 44. Rxc5 Nxf5 45. Rc8 Ke6 46. Rc6+ Kd5 47.
Rxa6 Nxg3 48. Kh2 Ne4 49. Rf8 Nc3 50. Rd8+ Ke4 51. a5 Ke3 52. Rad6 Ne4 53. R6d7
Re6 54. Rd5 Nd2 55. R5d6 Re7 56. R6d7 Re6 57. Rd6 Re7 58. R6d7 Re6 59. Rd6
1/2-1/2